Pedagogy of the Oppressed / (Record no. 15474)
[ view plain ]
| 000 -LEADER | |
|---|---|
| fixed length control field | 01147 a2200229 4500 |
| 001 - CONTROL NUMBER | |
| control field | 11473 |
| 003 - CONTROL NUMBER IDENTIFIER | |
| control field | IN-BhIIT |
| 005 - DATE AND TIME OF LATEST TRANSACTION | |
| control field | 20260430094416.0 |
| 008 - FIXED-LENGTH DATA ELEMENTS--GENERAL INFORMATION | |
| fixed length control field | 260409b |||||||| |||| 00| 0 eng d |
| 020 ## - INTERNATIONAL STANDARD BOOK NUMBER | |
| ISBN | 9780241301111 (pbk.) |
| 040 ## - CATALOGING SOURCE | |
| Original cataloging agency | IN-BhIIT |
| 041 ## - LANGUAGE CODE | |
| Language code of text | eng |
| 082 ## - DEWEY DECIMAL CLASSIFICATION NUMBER | |
| Classification number | 370.115 |
| Book number | FRE/P |
| 100 ## - MAIN ENTRY--AUTHOR NAME | |
| Personal name | Freire, Paulo |
| Relator term | Author |
| 245 ## - TITLE STATEMENT | |
| Title | Pedagogy of the Oppressed / |
| Statement of responsibility, etc | Paulo Freire |
| 260 ## - PUBLICATION, DISTRIBUTION, ETC. (IMPRINT) | |
| Place of publication | New Delhi : |
| Name of publisher | Penguin Books Ltd, |
| Year of publication | 2017. |
| 300 ## - PHYSICAL DESCRIPTION | |
| Number of Pages | 156 p. : |
| Other physical details(ill.) | ill. ; |
| Dimensions(size) | 19 cm. |
| 504 ## - BIBLIOGRAPHY, ETC. NOTE | |
| Bibliography, etc | Includes bibliographical references. and index. |
| 520 ## - SUMMARY, ETC. | |
| Summary, etc | Arguing that 'education is freedom', Paulo Freire's radical international classic contends that traditional teaching styles keep the poor powerless by treating them as passive, silent recipients of knowledge. Grounded in Freire's own experience teaching impoverished and illiterate students in his native Brazil and over the world, this pioneering book instead suggests that through co-operation, dialogue and critical thinking, every human being can develop a sense of self and fulfil their right to be heard. |
| 650 ## - SUBJECT ADDED ENTRY--TOPICAL TERM | |
| Topical Term | Education |
| General subdivision | Philosophy. |
| 942 ## - ADDED ENTRY ELEMENTS (KOHA) | |
| Koha item type | General Books |
| Withdrawn status | Lost status | Damaged status | Not for loan | Collection code | Home library | Current library | Date acquired | Source of acquisition | Cost, normal purchase price | Full call number | Accession Number | Cost, replacement price | Price effective from | Koha item type |
|---|---|---|---|---|---|---|---|---|---|---|---|---|---|---|
| Not withdrawn | Not Lost | not damaged | GEN | Central Library, IIT Bhubaneswar | Central Library, IIT Bhubaneswar | 11/03/2026 | 22 | 374.25 | 370.115 FRE/P | 11473 | 499.00 | 11/03/2026 | General Books |